[Event "San Marino op 2nd"]
[Site "San Marino"]
[Date "2006.06.10"]
[Round "8"]
[White "De Santis, Alessio"]
[Black "Aldrovandi, Costantino"]
[Result "0-1"]
[WhiteElo "2337"]
[BlackElo "2215"]
[PlyCount "70"]
[EventDate "2006.06.03"]
[EventType "swiss"]
[EventRounds "9"]
[EventCountry "SMR"]
[SourceTitle "CBM 112 Extra"]
[Source "ChessBase"]
[SourceDate "2006.07.14"]
[SourceVersion "1"]
[SourceVersionDate "2006.07.14"]
[SourceQuality "1"]

1. d4 Nf6 2. c4 e6 3. Nc3 Bb4 4. f3 c5 5. d5 e5 6. e4 Bxc3+ 7. bxc3 0-0 8. Bd3 d6 9. Ne2 Ne8 10. g4 a6 11. a4 b6 12. h4 Ra7 13. Bg5 f6 14. Be3 g6 15. Ng3 Ng7 16. Bh6 Raf7 17. Ra2 Bd7 18. Rg2 Kh8 19. Bc2 b5 20. cxb5 axb5 21. axb5 Bxb5 22. Kd2 Rg8 23. f4 exf4 24. Bxf4 Ne8 25. g5 Nd7 26. h5 fxg5 27. hxg6 Rxg6 28. Nf5 Ne5 29. Bxe5+ dxe5 30. Qh5 Qf6 31. Rb1 Nd6 32. c4 Nxc4+ 33. Kc3 Qa6 34. Rh2 Qa5+ 35. Kd3 Nb2+ 0-1

[Event "ITA-chT A1 34th"]
[Site "Italy"]
[Date "2004.04.17"]
[Round "4"]
[White "Aldrovandi, Costantino"]
[Black "Mantovani, Renzo"]
[Result "0-1"]
[WhiteElo "2282"]
[BlackElo "2374"]
[PlyCount "116"]
[EventDate "2004.03.06"]
[EventType "team"]
[EventRounds "5"]
[EventCountry "ITA"]
[SourceTitle "EXT 2007"]
[Source "ChessBase"]
[SourceDate "2006.11.23"]
[SourceVersion "1"]
[SourceVersionDate "2006.11.23"]
[SourceQuality "1"]

1. e4 c5 2. Nf3 d6 3. d4 cxd4 4. Nxd4 Nf6 5. Nc3 Nc6 6. Be2 Nxd4 7. Qxd4 g6 8. Be3 Bg7 9. Qd2 0-0 10. 0-0 Be6 11. a3 Qa5 12. Bh6 Bxh6 13. Qxh6 Rfc8 14. Bd3 Ng4 15. Qh4 f6 16. Nd5 Bxd5 17. Qxg4 Bf7 18. Qe2 Qc5 19. Rad1 Rab8 20. Qd2 Kg7 21. Rfe1 Bc4 22. Bxc4 Qxc4 23. c3 b5 24. f4 a5 25. e5 Qc5+ 26. Qd4 dxe5 27. fxe5 f5 28. Re2 b4 29. axb4 axb4 30. cxb4 Rxb4 31. Qxc5 Rxc5 32. Kf2 Rcb5 33. Rdd2 Kf7 34. Rc2 Rb6 35. Kf3 Rb3+ 36. Kf2 Ke6 37. h4 R3b5 38. Kf3 Rxe5 39. Kf4 Rb4+ 40. Kg3 Rxe2 41. Rxe2+ Kf6 42. Rc2 h6 43. Kh3 Rb3+ 44. g3 g5 45. hxg5+ hxg5 46. Kg2 g4 47. Re2 e6 48. Kh2 e5 49. Rc2 f4 50. gxf4 exf4 51. Kg2 Kg5 52. Rf2 g3 53. Rc2 Kg4 54. Kh1 Rb8 55. Kg1 Rd8 56. Rc1 f3 57. b4 g2 58. Kf2 Rd2+ 0-1

[Event "Montecatini Terme 10th"]
[Site "Montecatini Terme"]
[Date "2004.01.27"]
[Round "5"]
[White "Vezzosi, Paolo"]
[Black "Aldrovandi, Costantino"]
[Result "1/2-1/2"]
[WhiteElo "2355"]
[BlackElo "2375"]
[PlyCount "86"]
[EventDate "2004.01.24"]
[EventType "tourn"]
[EventRounds "11"]
[EventCountry "ITA"]
[EventCategory "2"]
[SourceTitle "CBM 098 Extra"]
[Source "ChessBase"]
[SourceDate "2004.03.10"]
[SourceVersion "2"]
[SourceVersionDate "2004.03.10"]
[SourceQuality "1"]

1. d4 Nf6 2. Nf3 g6 3. Bg5 Bg7 4. c3 h6 5. Bh4 d6 6. Nbd2 Bf5 7. Qb3 Qc8 8. Bxf6 Bxf6 9. e4 Bd7 10. Bc4 0-0 11. e5 Bg7 12. 0-0 Nc6 13. e6 fxe6 14. Bd3 Be8 15. Qc2 g5 16. h4 g4 17. Nh2 e5 18. d5 Nd8 19. Bg6 Bd7 20. Ne4 c6 21. dxc6 Qxc6 22. Ng3 Ne6 23. Nxg4 Nf4 24. Ne3 d5 25. Bh7+ Kh8 26. Rad1 e6 27. Bd3 e4 28. Be2 Qc7 29. Qd2 Bc6 30. Nh5 Nxh5 31. Bxh5 Qe7 32. Bg6 Qf6 33. h5 Qh4 34. Qe2 Rf4 35. Qd2 Raf8 36. g3 Qg5 37. Ng2 Rf3 38. Qxg5 hxg5 39. Rd2 a5 40. Ne3 a4 41. a3 Be5 42. Re1 Bc7 43. Nc2 Bb6 1/2-1/2

[Event "ITA-ch 63rd"]
[Site "Arvier"]
[Date "2003.11.29"]
[Round "5"]
[White "Contin, Daniel"]
[Black "Aldrovandi, Costantino"]
[Result "1-0"]
[WhiteElo "2377"]
[BlackElo "2414"]
[PlyCount "65"]
[EventDate "2003.11.25"]
[EventType "tourn"]
[EventRounds "9"]
[EventCountry "ITA"]
[EventCategory "4"]
[SourceTitle "CBM 097 Extra"]
[Source "ChessBase"]
[SourceDate "2004.01.13"]
[SourceVersion "1"]
[SourceVersionDate "2004.01.13"]
[SourceQuality "1"]

1. c4 Nf6 2. Nc3 g6 3. g3 Bg7 4. Bg2 0-0 5. d3 d6 6. Rb1 c6 7. e4 c5 8. a3 a5 9. Nge2 Nc6 10. h3 h6 11. Be3 Nd7 12. Qd2 Kh7 13. Nb5 a4 14. g4 Qa5 15. f4 Qxd2+ 16. Kxd2 Na5 17. Kc2 Nb3 18. Rbf1 Nb8 19. Nec3 Nd4+ 20. Bxd4 cxd4 21. Nd5 Nc6 22. f5 Be5 23. h4 Bd7 24. Nb6 Rad8 25. g5 Kg7 26. Bh3 Nb8 27. Nc7 hxg5 28. hxg5 Rh8 29. f6+ exf6 30. gxf6+ Kg8 31. Bxd7 Rxh1 32. Rxh1 Rxd7 33. Ncd5 1-0

[Event "Claude Pecaut Memorial"]
[Site "Taormina"]
[Date "2003.11.23"]
[Round "9"]
[White "Aldrovandi, Costantino"]
[Black "Estremera Panos, Sergio"]
[Result "1/2-1/2"]
[WhiteElo "2414"]
[BlackElo "2350"]
[PlyCount "23"]
[EventDate "2003.11.15"]
[EventType "tourn"]
[EventRounds "9"]
[EventCountry "ITA"]
[EventCategory "7"]
[SourceTitle "CBM 097 Extra"]
[Source "ChessBase"]
[SourceDate "2004.01.13"]
[SourceVersion "1"]
[SourceVersionDate "2004.01.13"]
[SourceQuality "1"]

1. c4 Nf6 2. Nf3 g6 3. g3 Bg7 4. Bg2 0-0 5. 0-0 c5 6. Nc3 Nc6 7. Rb1 Rb8 8. a3 a6 9. b4 cxb4 10. axb4 b5 11. cxb5 axb5 12. d4 1/2-1/2

[Event "Claude Pecaut Memorial"]
[Site "Taormina"]
[Date "2003.11.17"]
[Round "3"]
[White "Tomescu, Vlad"]
[Black "Aldrovandi, Costantino"]
[Result "1-0"]
[WhiteElo "2447"]
[BlackElo "2414"]
[PlyCount "89"]
[EventDate "2003.11.15"]
[EventType "tourn"]
[EventRounds "9"]
[EventCountry "ITA"]
[EventCategory "7"]
[SourceTitle "CBM 097 Extra"]
[Source "ChessBase"]
[SourceDate "2004.01.13"]
[SourceVersion "1"]
[SourceVersionDate "2004.01.13"]
[SourceQuality "1"]

1. d4 Nf6 2. c4 g6 3. Nc3 Bg7 4. e4 d6 5. f3 0-0 6. Be3 Nbd7 7. Nge2 c5 8. Qd2 Qa5 9. dxc5 dxc5 10. Nc1 Rd8 11. Nb3 Qc7 12. Nb5 Qb6 13. 0-0-0 Rf8 14. Be2 a6 15. Nc3 Qc7 16. g4 b5 17. g5 Ne8 18. Nd5 Qe5 19. Na5 Qd6 20. Nc6 Kh8 21. Ndxe7 Qc7 22. Nxc8 Rxc8 23. Qxd7 Qxc6 24. Qxc6 Rxc6 25. cxb5 axb5 26. Rd5 c4 27. Rhd1 Nc7 28. Rd8 Ne6 29. Rxf8+ Bxf8 30. Rd5 b4 31. f4 Bc5 32. Bxc5 Nxc5 33. Rd4 b3 34. a3 c3 35. bxc3 Ne6 36. Rc4 Rd6 37. Rb4 Nxf4 38. Bc4 Nd3+ 39. Bxd3 Rxd3 40. Kb2 Rh3 41. a4 Rxh2+ 42. Kxb3 h5 43. a5 Rd2 44. a6 Rd7 45. Rb7 1-0

[Event "Montecatini Terme 9th"]
[Site "Montecatini Terme"]
[Date "2003.11.14"]
[Round "9"]
[White "Aldrovandi, Costantino"]
[Black "Naumkin, Igor"]
[Result "0-1"]
[WhiteElo "2414"]
[BlackElo "2401"]
[PlyCount "54"]
[EventDate "2003.11.08"]
[EventType "tourn"]
[EventRounds "11"]
[EventCountry "ITA"]
[EventCategory "3"]
[SourceTitle "EXT 2004"]
[Source "ChessBase"]
[SourceDate "2003.11.25"]
[SourceVersion "1"]
[SourceVersionDate "2003.11.25"]
[SourceQuality "1"]

1. c4 e5 2. g3 Nf6 3. Bg2 c6 4. d4 exd4 5. Qxd4 d5 6. cxd5 cxd5 7. Nf3 Nc6 8. Qd1 Bc5 9. 0-0 0-0 10. Nbd2 h6 11. Nb3 Bb6 12. Bf4 Re8 13. Rc1 Bg4 14. h3 Bh5 15. g4 Bg6 16. Nfd4 Rc8 17. e3 Ne4 18. Nxc6 bxc6 19. Nd4 Qf6 20. b4 a5 21. bxa5 Bxa5 22. Qa4 c5 23. Bxe4 Bxe4 24. Nb5 Ra8 25. Nd6 Re6 26. Rxc5 Rxd6 27. Bxd6 Qf3 0-1

[Event "Montecatini Terme 9th"]
[Site "Montecatini Terme"]
[Date "2003.11.11"]
[Round "5"]
[White "Aldrovandi, Costantino"]
[Black "Mrdja, Milan"]
[Result "1/2-1/2"]
[WhiteElo "2414"]
[BlackElo "2387"]
[PlyCount "25"]
[EventDate "2003.11.08"]
[EventType "tourn"]
[EventRounds "11"]
[EventCountry "ITA"]
[EventCategory "3"]
[SourceTitle "EXT 2004"]
[Source "ChessBase"]
[SourceDate "2003.11.25"]
[SourceVersion "1"]
[SourceVersionDate "2003.11.25"]
[SourceQuality "1"]

1. c4 g6 2. g3 Bg7 3. Bg2 c5 4. Nc3 Nc6 5. a3 Nh6 6. Rb1 a5 7. b3 0-0 8. e3 Nf5 9. Nge2 Rb8 10. 0-0 b6 11. Nb5 Ba6 12. d3 e6 13. e4 1/2-1/2

[Event "Montecatini Terme 9th"]
[Site "Montecatini Terme"]
[Date "2003.11.09"]
[Round "2"]
[White "Ivanov, Jordan"]
[Black "Aldrovandi, Costantino"]
[Result "1/2-1/2"]
[WhiteElo "2426"]
[BlackElo "2414"]
[PlyCount "197"]
[EventDate "2003.11.08"]
[EventType "tourn"]
[EventRounds "11"]
[EventCountry "ITA"]
[EventCategory "3"]
[SourceTitle "EXT 2004"]
[Source "ChessBase"]
[SourceDate "2003.11.25"]
[SourceVersion "1"]
[SourceVersionDate "2003.11.25"]
[SourceQuality "1"]

1. Nf3 Nf6 2. c4 g6 3. Nc3 Bg7 4. e4 d6 5. d4 0-0 6. Be2 e5 7. d5 a5 8. h3 Na6 9. Bg5 h6 10. Be3 Kh7 11. a3 Bd7 12. Nd2 Ng8 13. 0-0 Qe8 14. Qc2 a4 15. Nb5 Qe7 16. Rae1 Nf6 17. Bd1 c6 18. dxc6 Bxc6 19. Bf3 Nc5 20. Bxc5 dxc5 21. Nb1 Ne8 22. N1c3 Nc7 23. Be2 Ne6 24. Nxa4 Nd4 25. Nxd4 exd4 26. Nb6 Bxe4 27. Bd3 Bxd3 28. Qxd3 Qd6 29. Nxa8 Rxa8 30. Re2 Bf6 31. Rd1 Rb8 32. a4 Ra8 33. b3 Kg7 34. Qf3 Qd7 35. g3 Rd8 36. Kg2 Rb8 37. Rd3 Qc7 38. h4 h5 39. Re4 Rc8 40. Qe2 Qc6 41. Rf3 Rd8 42. Qd3 Rd6 43. Re1 Qd7 44. Rf4 Qc6+ 45. f3 Qc7 46. Rfe4 Qa5 47. Rc1 Qb4 48. Kh3 Rb6 49. Rb1 Rd6 50. g4 hxg4+ 51. Rxg4 Qc3 52. Rd1 Rb6 53. h5 Qxb3 54. Qf1 Qe3 55. hxg6 Qh6+ 56. Kg3 fxg6 57. Rb1 Rb4 58. Rxb4 cxb4 59. Qb1 b6 60. Qe4 Qh5 61. f4 Kh6 62. c5 bxc5 63. a5 d3 64. Qxd3 c4 65. Qxc4 Qxa5 66. Kg2 Qa8+ 67. Kh2 Qf3 68. Rg3 Qf2+ 69. Kh3 Qe1 70. Kg2 Qd2+ 71. Kh3 Qe1 72. Qd5 Qf1+ 73. Kg4 Qe2+ 74. Qf3 Qb5 75. Rh3+ Kg7 76. Qd3 Qc6 77. Rg3 Qc8+ 78. Kf3 Qc6+ 79. Ke2 Qe8+ 80. Kf1 Qf7 81. f5 g5 82. Qb5 Qc7 83. Rd3 Qf4+ 84. Ke2 Qg4+ 85. Kd2 Qg2+ 86. Ke3 Qg3+ 87. Ke2 Qg2+ 88. Kd1 Qf1+ 89. Kc2 Qf2+ 90. Kb3 g4 91. Qxb4 Qb2+ 92. Ka4 Qxb4+ 93. Kxb4 Kh6 94. Kc4 Kg5 95. Rd5 g3 96. Rd3 Be5 97. Kd5 Kxf5 98. Rf3+ Kg4 99. Rxg3+ 1/2-1/2

[Event "Montecatini Terme 9th"]
[Site "Montecatini Terme"]
[Date "2003.11.08"]
[Round "1"]
[White "Aldrovandi, Costantino"]
[Black "Marzano, Carlo"]
[Result "1/2-1/2"]
[WhiteElo "2414"]
[BlackElo "2225"]
[PlyCount "84"]
[EventDate "2003.11.08"]
[EventType "tourn"]
[EventRounds "11"]
[EventCountry "ITA"]
[EventCategory "3"]
[SourceTitle "EXT 2004"]
[Source "ChessBase"]
[SourceDate "2003.11.25"]
[SourceVersion "1"]
[SourceVersionDate "2003.11.25"]
[SourceQuality "1"]

1. c4 Nc6 2. g3 e5 3. Bg2 d6 4. Nc3 Be6 5. d3 Qd7 6. e4 g6 7. Nd5 Nd4 8. f3 c6 9. Nc3 Bg7 10. Nge2 Ne7 11. 0-0 0-0 12. Nxd4 exd4 13. Ne2 f5 14. Nf4 Bf7 15. b3 a5 16. a4 Rae8 17. Ra2 c5 18. h4 Nc6 19. Bh3 Kh8 20. g4 fxg4 21. fxg4 Be6 22. Kg2 Ne5 23. Kg3 Rf7 24. Raf2 Ref8 25. Qe2 Qe7 26. Bd2 b6 27. Bc1 Qd7 28. Qd1 Qe7 29. Rh1 Nc6 30. Bf1 Be5 31. g5 Bc8 32. Be2 Nd8 33. Bg4 Ne6 34. Rhf1 Nxf4 35. Bxf4 Rxf4 36. Rxf4 Rxf4 37. Rxf4 Bxf4+ 38. Kxf4 Qe5+ 39. Kf3 Bxg4+ 40. Kxg4 Qe6+ 41. Kg3 Qe5+ 42. Kg2 Qf4 1/2-1/2

[Event "Arco op 24th"]
[Site "Arco"]
[Date "2002.10.26"]
[Round "9"]
[White "Aldrovandi, Costantino"]
[Black "Sedina, Elena"]
[Result "1/2-1/2"]
[WhiteElo "2413"]
[BlackElo "2428"]
[PlyCount "23"]
[EventDate "2002.10.18"]
[EventType "swiss"]
[EventRounds "9"]
[EventCountry "ITA"]
[SourceTitle "EXT 2004"]
[Source "ChessBase"]
[SourceDate "2003.11.25"]
[SourceVersion "1"]
[SourceVersionDate "2003.11.25"]
[SourceQuality "1"]

1. c4 c6 2. e4 d5 3. exd5 Nf6 4. d4 cxd5 5. Nc3 g6 6. Bg5 Bg7 7. Nf3 Ne4 8. Be3 Nxc3 9. bxc3 0-0 10. cxd5 Qxd5 11. Be2 Nc6 12. 0-0 1/2-1/2

[Event "Arco op 24th"]
[Site "Arco"]
[Date "2002.10.24"]
[Round "7"]
[White "Aldrovandi, Costantino"]
[Black "Jurkovic, Ante"]
[Result "1/2-1/2"]
[WhiteElo "2413"]
[BlackElo "2340"]
[PlyCount "99"]
[EventDate "2002.10.18"]
[EventType "swiss"]
[EventRounds "9"]
[EventCountry "ITA"]
[SourceTitle "EXT 2004"]
[Source "ChessBase"]
[SourceDate "2003.11.25"]
[SourceVersion "1"]
[SourceVersionDate "2003.11.25"]
[SourceQuality "1"]

1. c4 g6 2. g3 Bg7 3. Bg2 e5 4. Nc3 f5 5. d3 Nf6 6. e4 0-0 7. Nge2 d6 8. 0-0 Nbd7 9. Be3 c6 10. h3 Nc5 11. Qd2 Ne6 12. Rad1 f4 13. gxf4 Nh5 14. fxe5 dxe5 15. f4 exf4 16. Nxf4 Nhxf4 17. Rxf4 Nxf4 18. Bxf4 Qh4 19. Bg5 Qg3 20. Ne2 Qf2+ 21. Kh1 Bd7 22. d4 Qf7 23. b3 Rae8 24. e5 Kh8 25. c5 Be6 26. Nc3 Qd7 27. Kh2 Rf5 28. Ne4 Ref8 29. Nf6 Bxf6 30. Bxf6+ Kg8 31. Rf1 Rxf1 32. Bxf1 Bd5 33. Bd3 Kf7 34. Qh6 Ke8 35. Qf4 Qe6 36. h4 Rg8 37. Bc2 Kd7 38. h5 Kc7 39. h6 b6 40. Kg3 Kb7 41. Bd3 Qd7 42. Bc2 Be6 43. a4 Bf5 44. Be4 Bxe4 45. Qxe4 Qe6 46. Qf3 Kc7 47. cxb6+ axb6 48. Qc3 Ra8 49. Qb4 Kb7 50. Kh4 1/2-1/2

[Event "Arco op 24th"]
[Site "Arco"]
[Date "2002.10.18"]
[Round "1"]
[White "Aldrovandi, Costantino"]
[Black "Ziltener, Werner"]
[Result "1-0"]
[WhiteElo "2413"]
[BlackElo "2047"]
[PlyCount "107"]
[EventDate "2002.10.18"]
[EventType "swiss"]
[EventRounds "9"]
[EventCountry "ITA"]
[SourceTitle "EXT 2004"]
[Source "ChessBase"]
[SourceDate "2003.11.25"]
[SourceVersion "1"]
[SourceVersionDate "2003.11.25"]
[SourceQuality "1"]

1. c4 Nf6 2. g3 c6 3. Bg2 d5 4. Nf3 Bg4 5. Ne5 Be6 6. 0-0 g6 7. cxd5 Bxd5 8. Nf3 Bg7 9. Nc3 0-0 10. d3 h6 11. Nxd5 Nxd5 12. Bd2 Nd7 13. Rb1 Kh7 14. Qc2 Ne5 15. Ne1 Qb6 16. a3 Rfd8 17. e3 Qa6 18. d4 Nc4 19. Bc1 Ncb6 20. b3 e5 21. dxe5 Bxe5 22. Nf3 Bg7 23. Bb2 Bxb2 24. Qxb2 Qd3 25. Ne5 Qc3 26. Nxf7 Qxb2 27. Rxb2 Rd7 28. Ne5 Re7 29. Nd3 Rd8 30. Nc5 Nc3 31. Rc1 Ncd5 32. Rd2 Rde8 33. e4 Nf6 34. Rcd1 Kg7 35. f3 Kf7 36. Bf1 Kg7 37. b4 Kf7 38. a4 Kg7 39. a5 Nc8 40. Nb3 b6 41. Rc1 bxa5 42. Nxa5 Nb6 43. Rxc6 Nbd7 44. Bg2 Ne5 45. Rc1 g5 46. Kf2 h5 47. Rcc2 Rf7 48. Ke3 h4 49. Rf2 Rd7 50. Bf1 Ng6 51. Bb5 Nd5+ 52. Ke2 Rde7 53. Bxe8 Nxb4 54. Rb2 1-0

[Event "Porto San Giorgio op 14th"]
[Site "Porto San Giorgio"]
[Date "2002.08.28"]
[Round "9"]
[White "Cocchi, Andrea"]
[Black "Aldrovandi, Costantino"]
[Result "0-1"]
[WhiteElo "2281"]
[BlackElo "2414"]
[PlyCount "94"]
[EventDate "2002.08.20"]
[EventType "swiss"]
[EventRounds "9"]
[EventCountry "ITA"]
[SourceTitle "CBM 089 Extra"]
[Source "ChessBase"]
[SourceDate "2002.09.10"]
[SourceVersion "2"]
[SourceVersionDate "2002.09.10"]
[SourceQuality "1"]

1. Nf3 g6 2. c4 Bg7 3. Nc3 d6 4. g3 Nf6 5. Bg2 0-0 6. 0-0 c6 7. d3 Be6 8. Bd2 h6 9. b4 Qc8 10. b5 Bh3 11. Rb1 Bxg2 12. Kxg2 c5 13. e4 Nbd7 14. Nh4 a6 15. a4 b6 16. f4 Qb7 17. Kg1 e6 18. Ng2 Ne8 19. f5 Ne5 20. fxe6 fxe6 21. Rxf8+ Bxf8 22. Qe2 Bg7 23. Nf4 Qd7 24. h3 Nf6 25. Bc1 g5 26. Ng2 axb5 27. axb5 d5 28. exd5 exd5 29. g4 Re8 30. cxd5 Nxd5 31. Ne4 Nb4 32. Ne3 Nexd3 33. Nf5 Qe6 34. Nfg3 Be5 35. Qf3 Bxg3 36. Nf6+ Kh8 37. Nxe8 Bf2+ 38. Kh2 Qe5+ 39. Bf4 Nxf4 40. Qxf2 Nfd3+ 41. Qg3 Qxe8 42. Kg1 Nf4 43. Qf3 Nbd5 44. Kf2 c4 45. Ra1 Qe7 46. Kf1 c3 47. Re1 Qb4 0-1

[Event "Porto San Giorgio op 14th"]
[Site "Porto San Giorgio"]
[Date "2002.08.27"]
[Round "8"]
[White "Aldrovandi, Costantino"]
[Black "Barsov, Alexei"]
[Result "1/2-1/2"]
[WhiteElo "2414"]
[BlackElo "2550"]
[PlyCount "69"]
[EventDate "2002.08.20"]
[EventType "swiss"]
[EventRounds "9"]
[EventCountry "ITA"]
[SourceTitle "CBM 089 Extra"]
[Source "ChessBase"]
[SourceDate "2002.09.10"]
[SourceVersion "2"]
[SourceVersionDate "2002.09.10"]
[SourceQuality "1"]

1. c4 e6 2. g3 d5 3. Bg2 d4 4. Nf3 c5 5. 0-0 Nc6 6. e3 Nf6 7. a3 a5 8. exd4 cxd4 9. b3 Bd6 10. d3 h6 11. Nbd2 0-0 12. Ne4 Nxe4 13. dxe4 e5 14. Nh4 Re8 15. Nf5 Bf8 16. Qd3 Nb8 17. f4 g6 18. Nh4 exf4 19. e5 Na6 20. Nxg6 Nc5 21. Qb1 fxg6 22. Qxg6+ Bg7 23. Rxf4 Ra6 24. Bd5+ Kh8 25. Rf6 Rxe5 26. Rxa6 Re1+ 27. Kg2 Qe7 28. Ra2 bxa6 29. Bxh6 Re2+ 30. Rxe2 Qxe2+ 31. Kg1 Qe1+ 32. Kg2 Qe2+ 33. Kg1 Qd1+ 34. Kg2 Qe2+ 35. Kg1 1/2-1/2

[Event "Porto San Giorgio op 14th"]
[Site "Porto San Giorgio"]
[Date "2002.08.25"]
[Round "6"]
[White "Shytaj, Luca"]
[Black "Aldrovandi, Costantino"]
[Result "1/2-1/2"]
[WhiteElo "2216"]
[BlackElo "2414"]
[PlyCount "103"]
[EventDate "2002.08.20"]
[EventType "swiss"]
[EventRounds "9"]
[EventCountry "ITA"]
[SourceTitle "CBM 089 Extra"]
[Source "ChessBase"]
[SourceDate "2002.09.10"]
[SourceVersion "2"]
[SourceVersionDate "2002.09.10"]
[SourceQuality "1"]

1. e4 c5 2. Nf3 d6 3. d4 cxd4 4. Nxd4 Nf6 5. Nc3 g6 6. Be3 Bg7 7. f3 Nc6 8. Qd2 0-0 9. Bc4 Bd7 10. 0-0-0 Ne5 11. Bb3 Qa5 12. h4 Rfc8 13. g4 b5 14. Ncxb5 Qxd2+ 15. Rxd2 Nxf3 16. Nxf3 Bxb5 17. Ng5 Bc4 18. Bxc4 Rxc4 19. b3 Rcc8 20. Rg1 h6 21. e5 dxe5 22. Nf3 Rc3 23. Rd3 Rxd3 24. cxd3 Nd5 25. Kd2 Rc8 26. Bf2 Nb4 27. Ne1 Nxa2 28. Nc2 a5 29. Ra1 Nb4 30. Nxb4 axb4 31. Ra4 e4 32. dxe4 Bc3+ 33. Ke2 Rc6 34. Be3 Kg7 35. Ra7 Re6 36. Kd3 Rd6+ 37. Kc4 e5 38. Bc5 Rd1 39. g5 hxg5 40. hxg5 Rc1 41. Kb5 Bd4 42. Bxd4 exd4 43. Kxb4 d3 44. Rd7 Rg1 45. Rxd3 Rxg5 46. Kc4 Rg4 47. Kd5 Rg1 48. Rf3 Rb1 49. Kc5 Re1 50. Kd5 Rb1 51. Kc5 Re1 52. Kd5 1/2-1/2